<?xml version="1.0" encoding="UTF-8"?>
<record
    xmlns:xsi="http://www.w3.org/2001/XMLSchema-instance"
    xsi:schemaLocation="http://www.loc.gov/MARC21/slim http://www.loc.gov/standards/marcxml/schema/MARC21slim.xsd"
    xmlns="http://www.loc.gov/MARC21/slim">

  <leader>00950nam a2200217 a 4500</leader>
  <datafield tag="999" ind1=" " ind2=" ">
    <subfield code="c">5217</subfield>
    <subfield code="d">5217</subfield>
  </datafield>
  <controlfield tag="005">20200104041557.0</controlfield>
  <controlfield tag="008">140127q2003    ck a|||| |||| 00| 0 spa d</controlfield>
  <datafield tag="040" ind1=" " ind2=" ">
    <subfield code="a">CO-BoIAVH</subfield>
    <subfield code="c">CO-BoIAVH</subfield>
  </datafield>
  <datafield tag="041" ind1="0" ind2=" ">
    <subfield code="a">spa</subfield>
  </datafield>
  <datafield tag="044" ind1=" " ind2=" ">
    <subfield code="a">ck</subfield>
  </datafield>
  <datafield tag="090" ind1=" " ind2=" ">
    <subfield code="a">FH-</subfield>
    <subfield code="b">0001</subfield>
  </datafield>
  <datafield tag="245" ind1="0" ind2="0">
    <subfield code="a">Serpientes de la Orinoquia colombiana / </subfield>
    <subfield code="c">textos y fotograf&#xED;as Juan Manuel Renjifo</subfield>
  </datafield>
  <datafield tag="260" ind1=" " ind2=" ">
    <subfield code="a">Bogot&#xE1; (Colombia) : </subfield>
    <subfield code="b">Instituto de Investigaci&#xF3;n de Recursos Biol&#xF3;gicos Alexander von Humboldt, </subfield>
    <subfield code="c">2003?</subfield>
  </datafield>
  <datafield tag="300" ind1=" " ind2=" ">
    <subfield code="a">1 folleto plegable ; </subfield>
    <subfield code="b">ilustraciones a color ; </subfield>
    <subfield code="c">17 x 24 cm.</subfield>
  </datafield>
  <datafield tag="490" ind1="0" ind2=" ">
    <subfield code="a">Serie especies colombianas ; </subfield>
    <subfield code="v">1</subfield>
  </datafield>
  <datafield tag="650" ind1="2" ind2="6">
    <subfield code="a">Serpientes</subfield>
    <subfield code="x">identificaci&#xF3;n</subfield>
    <subfield code="z">Orinoquia (Regi&#xF3;n, Colombia)</subfield>
    <subfield code="v">Gu&#xED;as</subfield>
  </datafield>
  <datafield tag="650" ind1="2" ind2="6">
    <subfield code="a">Serpientes</subfield>
    <subfield code="x">Taxonom&#xED;a</subfield>
    <subfield code="z">Orinoquia (Regi&#xF3;n, Colombia)</subfield>
    <subfield code="v">Gu&#xED;as</subfield>
  </datafield>
  <datafield tag="700" ind1="1" ind2=" ">
    <subfield code="a">Renjifo, Juan Manuel</subfield>
    <subfield code="e">textos</subfield>
    <subfield code="e">fotograf&#xED;as</subfield>
  </datafield>
  <datafield tag="710" ind1="2" ind2=" ">
    <subfield code="a">Instituto de Investigaci&#xF3;n de Recursos Biol&#xF3;gicos Alexander von Humboldt</subfield>
  </datafield>
  <datafield tag="942" ind1=" " ind2=" ">
    <subfield code="2">z</subfield>
    <subfield code="c">Folleto</subfield>
  </datafield>
  <datafield tag="952" ind1=" " ind2=" ">
    <subfield code="0">0</subfield>
    <subfield code="1">0</subfield>
    <subfield code="2">ddc</subfield>
    <subfield code="4">0</subfield>
    <subfield code="7">0</subfield>
    <subfield code="8">MEDIOSM</subfield>
    <subfield code="a">Bogota</subfield>
    <subfield code="b">Bogota</subfield>
    <subfield code="d">2013-12-19</subfield>
    <subfield code="l">0</subfield>
    <subfield code="o">IAVH-00523</subfield>
    <subfield code="p">059387</subfield>
    <subfield code="r">2013-12-19 00:00:00</subfield>
    <subfield code="t">Ej. 1</subfield>
    <subfield code="w">2013-12-19</subfield>
    <subfield code="x">Original</subfield>
    <subfield code="y">CD-ROM</subfield>
  </datafield>
  <datafield tag="952" ind1=" " ind2=" ">
    <subfield code="0">0</subfield>
    <subfield code="1">0</subfield>
    <subfield code="2">z</subfield>
    <subfield code="4">0</subfield>
    <subfield code="7">0</subfield>
    <subfield code="8">HUMBOLDT</subfield>
    <subfield code="a">Bogota</subfield>
    <subfield code="b">Bogota</subfield>
    <subfield code="d">2014-05-29</subfield>
    <subfield code="l">2</subfield>
    <subfield code="o">FH-0001</subfield>
    <subfield code="p">038065</subfield>
    <subfield code="r">2018-09-10 00:00:00</subfield>
    <subfield code="s">2018-09-10</subfield>
    <subfield code="t">Ej. 2</subfield>
    <subfield code="w">2014-05-29</subfield>
    <subfield code="x">Deposito Institucional</subfield>
    <subfield code="y">Folleto</subfield>
  </datafield>
  <datafield tag="952" ind1=" " ind2=" ">
    <subfield code="0">0</subfield>
    <subfield code="1">0</subfield>
    <subfield code="2">z</subfield>
    <subfield code="4">0</subfield>
    <subfield code="7">0</subfield>
    <subfield code="8">HUMBOLDT</subfield>
    <subfield code="a">Bogota</subfield>
    <subfield code="b">Bogota</subfield>
    <subfield code="d">2014-06-05</subfield>
    <subfield code="l">0</subfield>
    <subfield code="o">FH-0001</subfield>
    <subfield code="p">023058</subfield>
    <subfield code="r">2014-06-05 00:00:00</subfield>
    <subfield code="t">Ej. 1</subfield>
    <subfield code="w">2014-06-05</subfield>
    <subfield code="y">Folleto</subfield>
  </datafield>
  <datafield tag="952" ind1=" " ind2=" ">
    <subfield code="0">0</subfield>
    <subfield code="1">0</subfield>
    <subfield code="2">z</subfield>
    <subfield code="4">0</subfield>
    <subfield code="7">0</subfield>
    <subfield code="8">HEMEROTECA</subfield>
    <subfield code="a">Bogota</subfield>
    <subfield code="b">Bogota</subfield>
    <subfield code="d">2017-06-12</subfield>
    <subfield code="l">0</subfield>
    <subfield code="o">FH-0001</subfield>
    <subfield code="p">041411</subfield>
    <subfield code="r">2017-06-12 00:00:00</subfield>
    <subfield code="t">Ej. 3</subfield>
    <subfield code="w">2017-06-12</subfield>
    <subfield code="x">Donacion</subfield>
    <subfield code="y">Folleto</subfield>
  </datafield>
  <datafield tag="952" ind1=" " ind2=" ">
    <subfield code="0">0</subfield>
    <subfield code="1">0</subfield>
    <subfield code="2">z</subfield>
    <subfield code="4">0</subfield>
    <subfield code="7">0</subfield>
    <subfield code="8">HEMEROTECA</subfield>
    <subfield code="a">Bogota</subfield>
    <subfield code="b">Bogota</subfield>
    <subfield code="d">2017-06-22</subfield>
    <subfield code="l">0</subfield>
    <subfield code="o">FH-0001</subfield>
    <subfield code="p">041465</subfield>
    <subfield code="r">2017-06-22 00:00:00</subfield>
    <subfield code="t">Ej. 4</subfield>
    <subfield code="w">2017-06-22</subfield>
    <subfield code="x">Donacion</subfield>
    <subfield code="y">Folleto</subfield>
  </datafield>
  <datafield tag="952" ind1=" " ind2=" ">
    <subfield code="0">0</subfield>
    <subfield code="1">0</subfield>
    <subfield code="2">z</subfield>
    <subfield code="4">0</subfield>
    <subfield code="7">0</subfield>
    <subfield code="8">HEMEROTECA</subfield>
    <subfield code="a">Bogota</subfield>
    <subfield code="b">Bogota</subfield>
    <subfield code="d">2017-06-22</subfield>
    <subfield code="l">0</subfield>
    <subfield code="o">FH-0001	</subfield>
    <subfield code="p">041466</subfield>
    <subfield code="r">2017-06-22 00:00:00</subfield>
    <subfield code="t">Ej.5</subfield>
    <subfield code="w">2017-06-22</subfield>
    <subfield code="x">Donacion</subfield>
    <subfield code="y">Folleto</subfield>
  </datafield>
  <datafield tag="952" ind1=" " ind2=" ">
    <subfield code="0">0</subfield>
    <subfield code="1">0</subfield>
    <subfield code="2">z</subfield>
    <subfield code="4">0</subfield>
    <subfield code="7">0</subfield>
    <subfield code="8">HUMBOLDT</subfield>
    <subfield code="I">INV2017</subfield>
    <subfield code="a">Villa</subfield>
    <subfield code="b">Villa</subfield>
    <subfield code="d">2017-10-13</subfield>
    <subfield code="l">0</subfield>
    <subfield code="o">IAVH-0053</subfield>
    <subfield code="p">023057</subfield>
    <subfield code="r">2017-10-13 00:00:00</subfield>
    <subfield code="t">Ej. 6</subfield>
    <subfield code="w">2017-10-13</subfield>
    <subfield code="x">Institucional</subfield>
    <subfield code="y">Folleto</subfield>
  </datafield>
  <datafield tag="952" ind1=" " ind2=" ">
    <subfield code="0">0</subfield>
    <subfield code="1">0</subfield>
    <subfield code="2">z</subfield>
    <subfield code="4">0</subfield>
    <subfield code="7">0</subfield>
    <subfield code="8">HUMBOLDT</subfield>
    <subfield code="I">INV2017</subfield>
    <subfield code="a">Villa</subfield>
    <subfield code="b">Villa</subfield>
    <subfield code="d">2017-10-13</subfield>
    <subfield code="l">0</subfield>
    <subfield code="o">IAVH-0053</subfield>
    <subfield code="p">023059</subfield>
    <subfield code="r">2017-10-13 00:00:00</subfield>
    <subfield code="t">Ej. 7</subfield>
    <subfield code="w">2017-10-13</subfield>
    <subfield code="x">Institucional</subfield>
    <subfield code="y">Folleto</subfield>
  </datafield>
</record>
